000 00360 a2200169 4500
001 73850
020 _a850601333x
040 _cAnchieta - Colégio São Paulo
100 _aKan, Lai Po
240 1 0 _aOs Chineses
_lpor
245 1 0 _aOs Chineses
300 _a61
362 0 _a1991
440 1 _aMelhoramentos
650 4 _aHistória do mundo
942 _cBK
999 _c73850
_d73850